| 000 | 00455nam a2200169Ia 4500 | ||
|---|---|---|---|
| 001 | 6881 | ||
| 008 | 171109s1981 ii a g b000 u 465 u | ||
| 082 | _a331.954 | ||
| 100 | _aMehrotra, S.N. . | ||
| 245 | 0 |
_aLabour Problems in India / _cS.N. Mehrotra. _hTextual Documents |
|
| 250 | _a3rd ed. / | ||
| 260 |
_aNew Delhi : _bS Chand & Co , _c1981. |
||
| 300 |
_axv, 928p. : _bill. ; _c22cm . |
||
| 504 | _aIndex | ||
| 653 | _aT/G-Economics | ||
| 942 |
_2ddc _cBK |
||
| 999 |
_c6868 _d6868 |
||